Obszary Miejskiego Systemu Informacji - Statystyki

Ogólne statystyki
  • Ten quiz został rozwiązany 28 razy
  • Średni wynik to 67 z 143
Statystyki odpowiedzi
Dzielnica Jendostki MSI % Poprawnych
Targówek Bródno
88%
Ursynów Kabaty
88%
Wola Koło
88%
Bielany Młociny
88%
Praga-Południe Saska Kępa
88%
Mokotów Służew
88%
Śródmieście Śródmieście Północne
88%
Śródmieście Śródmieście Południowe
88%
Wawer Anin
75%
Praga-Południe Gocław
75%
Praga-Południe Gocławek
75%
Praga-Południe Grochów
75%
Białołęka Henryków
75%
Wawer Las
75%
Wawer Międzylesie
75%
Wola Młynów
75%
Mokotów Sadyba
75%
Żoliborz Sady Żoliborskie
75%
Mokotów Służewiec
75%
Ochota Stara Ochota
75%
Praga-Północ Stara Praga
75%
Bielany Stare Bielany
75%
Śródmieście Stare Miasto
75%
Mokotów Stary Mokotów
75%
Rembertów Stary Rembertów
75%
Żoliborz Stary Żoliborz
75%
Ochota Szczęśliwice
75%
Białołęka Tarchomin
75%
Targówek Targówek Mieszkaniowy
75%
Wola Ulrychów
75%
Wilanów Wilanów Niski
75%
Wawer Falenica
63%
Bemowo Górce
63%
Bemowo Jelonki Północne
63%
Bemowo Jelonki Południowe
63%
Bielany Las Bielański
63%
Wawer Miedzeszyn
63%
Śródmieście Muranów
63%
Ursynów Natolin
63%
Ursus Niedźwiadek
63%
Białołęka Nowodwory
63%
Rembertów Nowy Rembertów
63%
Włochy Okęcie
63%
Ursynów Pyry
63%
Włochy Raków
63%
Wesoła Stara Miłosna
63%
Mokotów Stegny
63%
Targówek Targówek Fabryczny
63%
Wilanów Wilanów Wysoki
63%
Bielany Wólka Węglowa
63%
Białołęka Żerań
63%
Wilanów Błonia Wilanowskie
50%
Bielany Chomiczówka
50%
Białołęka Choszczówka
50%
Mokotów Czerniaków
50%
Ursynów Dąbrówka
50%
Białołęka Dąbrówka Szlachecka
50%
Śródmieście Solec
50%
Ochota Filtry
50%
Bemowo Fort Bema
50%
Bielany Huta
50%
Ursynów Las Kabacki
50%
Bemowo Lotnisko
50%
Żoliborz Marymont-Potok
50%
Wola Mirów
50%
Praga-Północ Nowa Praga
50%
Śródmieście Nowe Miasto
50%
Wola Nowolipki
50%
Praga-Południe Olszynka Grochowska
50%
Śródmieście Powiśle
50%
Ochota Rakowiec
50%
Mokotów Siekierki
50%
Mokotów Sielce
50%
Praga-Północ Szmulowizna
50%
Śródmieście Ujazdów
50%
Ursynów Ursynów-Centrum
50%
Ursynów Ursynów Północny
50%
Wawer Wawer
50%
Bielany Wawrzyszew
50%
Mokotów Wierzbno
50%
Wilanów Wilanów Królewski
50%
Wawer Aleksandrów
38%
Mokotów Augustówka
38%
Białołęka Białołęka Dworska
38%
Targówek Bródno-Podgrodzie
38%
Białołęka Brzeziny
38%
Targówek Elsnerów
38%
Ursus Gołąbki
38%
Białołęka Grodzisk
38%
Praga-Południe Kamionek
38%
Mokotów Ksawerów
38%
Bielany Marymont-Kaskada
38%
Bielany Marymont-Ruda
38%
Wola Odolany
38%
Praga-Północ Pelcowizna
38%
Wilanów Powsin
38%
Wilanów Powsinek
38%
Bielany Radiowo
38%
Wawer Radość
38%
Włochy Stare Włochy
38%
Ursynów Stary Imielin
38%
Wesoła Wola Grzybowska
38%
Mokotów Wyględów
38%
Targówek Zacisze
38%
Wilanów Zawady
38%
Bemowo Bemowo-Lotnisko
25%
Bemowo Fort Radiowo
25%
Bemowo Groty
25%
Rembertów Kawęczyn-Wygoda
25%
Wilanów Kępa Zawadowska
25%
Białołęka Kobiałka
25%
Włochy Nowe Włochy
25%
Włochy Paluch
25%
Bielany Piaski
25%
Wola Powązki
25%
Włochy Salomea
25%
Ursus Skorosze
25%
Bielany Słodowiec
25%
Ursynów Stary Służew
25%
Ursus Szamoty
25%
Targówek Utrata
25%
Bemowo Boernerowo
13%
Bemowo Chrzanów
13%
Ursus Czechowice
13%
Wola Czyste
13%
Ursynów Grabów
13%
Wesoła Groszówka
13%
Ursynów Jeziorki Północne
13%
Ursynów Jeziorki Południowe
13%
Wawer Nadwiśle
13%
Bielany Placówka
13%
Wawer Sadul
13%
Białołęka Szamocin
13%
Wesoła Wesoła-Centrum
13%
Bielany Wrzeciono
13%
Ursynów Wyczółki
13%
Włochy Załuski
13%
Wawer Zerzeń
13%
Wesoła Zielona-Grzybowa
13%
Wawer Marysin Wawerski
0%
Włochy Opacz Wielka
0%
Wesoła Plac Wojska Polskiego
0%
Ursynów Skarpa Powsińska
0%
Nie znaleziono quizów pasujących do podanych kryteriów
Rozkład punktacji
Procent ludzi z każdym wynikiem
Percentyl według liczby udzielonych odpowiedzi
Twoja historia wyników
Nie rozwiązałeś tego quizu